[Event "New York State-ch 138th"]
[Site "Colonie"]
[Date "2016.09.05"]
[Round "5"]
[White "Young, Jeffrey A"]
[Black "Louzons, John"]
[Result "1-0"]
[WhiteElo "1409"]
[BlackElo "1356"]
[PlyCount "59"]
[EventDate "2016.09.02"]
[EventType "swiss"]
[EventRounds "6"]
[EventCountry "USA"]
[SourceTitle "CBM 174 Extra"]
[Source "ChessBase"]
[SourceDate "2016.10.10"]
[SourceVersion "1"]
[SourceVersionDate "2016.10.10"]
[SourceQuality "1"]

1. e4 e6 2. d4 d5 3. e5 c5 4. c3 Qb6 5. Nf3 Nc6 6. Bd3 Bd7 7. Bc2 f6 8. 0-0 Qc7 9. exf6 Nxf6 10. Bg5 Be7 11. Bxf6 Bxf6 12. dxc5 Ne5 13. Nbd2 Qxc5 14. Nb3 Qc7 15. Re1 0-0 16. Nbd4 a5 17. Nxe5 Bxe5 18. Qh5 g6 19. Qxe5 Qb6 20. Nxe6 Qxf2+ 21. Kh1 Bxe6 22. Qxe6+ Rf7 23. Rf1 Ra6 24. Qxd5 Rd6 25. Qxf7+ Qxf7 26. Bb3 Qxb3 27. axb3 Rb6 28. Rxa5 Rxb3 29. Rf2 b5 30. Ra7 1-0

[Event "New York State-ch 138th"]
[Site "Colonie"]
[Date "2016.09.03"]
[Round "2"]
[White "Young, Jeffrey A"]
[Black "Mustafa, Siraat"]
[Result "1/2-1/2"]
[WhiteElo "1409"]
[BlackElo "1497"]
[PlyCount "56"]
[EventDate "2016.09.02"]
[EventType "swiss"]
[EventRounds "6"]
[EventCountry "USA"]
[SourceTitle "CBM 174 Extra"]
[Source "ChessBase"]
[SourceDate "2016.10.10"]
[SourceVersion "1"]
[SourceVersionDate "2016.10.10"]
[SourceQuality "1"]

1. e4 d6 2. d4 Nf6 3. Nc3 g6 4. Nf3 Bg7 5. Bc4 0-0 6. 0-0 e5 7. h3 Nc6 8. Be3 Kh8 9. Re1 Ng8 10. Ng5 Nh6 11. dxe5 Nxe5 12. Bb3 Bf6 13. f4 Bxg5 14. fxg5 Ng8 15. Rf1 Be6 16. Bxe6 fxe6 17. h4 Ne7 18. b4 Qd7 19. Qe2 Kg8 20. b5 Rae8 21. Bd4 Nf7 22. Bf6 c6 23. Rf3 e5 24. Rh3 h6 25. Rf1 h5 26. Qf2 Nd8 27. Rf3 Ne6 28. Ne2 Qc7 1/2-1/2